<?xml version="1.0" encoding="UTF-8"?>
<record
    xmlns:xsi="http://www.w3.org/2001/XMLSchema-instance"
    xsi:schemaLocation="http://www.loc.gov/MARC21/slim http://www.loc.gov/standards/marcxml/schema/MARC21slim.xsd"
    xmlns="http://www.loc.gov/MARC21/slim">

  <leader>02616njm a2200433Ia 4500</leader>
  <controlfield tag="001">25645</controlfield>
  <controlfield tag="003">IT-RoPAU</controlfield>
  <controlfield tag="005">20220918181124.0</controlfield>
  <controlfield tag="008">131025s9999    xx            000 0 und d</controlfield>
  <datafield tag="040" ind1=" " ind2=" ">
    <subfield code="a">IT-RoPAU</subfield>
  </datafield>
  <datafield tag="040" ind1=" " ind2=" ">
    <subfield code="c">IT-RoPAU</subfield>
  </datafield>
  <datafield tag="041" ind1=" " ind2=" ">
    <subfield code="a">ITALIANO</subfield>
  </datafield>
  <datafield tag="999" ind1=" " ind2=" ">
    <subfield code="c">100022</subfield>
    <subfield code="d">100022</subfield>
  </datafield>
  <datafield tag="999" ind1=" " ind2=" ">
    <subfield code="b">n.d.</subfield>
  </datafield>
  <datafield tag="100" ind1=" " ind2=" ">
    <subfield code="a">AA.VV.</subfield>
    <subfield code="9">794</subfield>
  </datafield>
  <datafield tag="100" ind1=" " ind2=" ">
    <subfield code="e">Autore musica</subfield>
    <subfield code="9">12965</subfield>
  </datafield>
  <datafield tag="100" ind1=" " ind2=" ">
    <subfield code="g">Codice autore musica SPICS: 12000</subfield>
    <subfield code="9">796</subfield>
  </datafield>
  <datafield tag="245" ind1=" " ind2=" ">
    <subfield code="a">Meglio di Massimo Ranieri (Il)</subfield>
  </datafield>
  <datafield tag="250" ind1=" " ind2=" ">
    <subfield code="a">1a ed.</subfield>
  </datafield>
  <datafield tag="260" ind1=" " ind2=" ">
    <subfield code="a">MILANO</subfield>
  </datafield>
  <datafield tag="260" ind1=" " ind2=" ">
    <subfield code="b">CGD - MESSAGGERIE MUSICALI</subfield>
    <subfield code="c">1975 [1a Ed.:1975 - Ed. Lingua Orig.: 1975]</subfield>
  </datafield>
  <datafield tag="300" ind1=" " ind2=" ">
    <subfield code="a">DISCO</subfield>
  </datafield>
  <datafield tag="500" ind1=" " ind2=" ">
    <subfield code="a">Canzone italiana. Musica leggera</subfield>
  </datafield>
  <datafield tag="505" ind1=" " ind2=" ">
    <subfield code="a">Se bruciasse la citt&#xE0; - Rita - Per una donna - L'amore &#xE8; un attimo - Erba di casa mia - Vent'anni - 'O sole mio - 'O surdato 'nnammurato - Aranjuez - Rose rosse - Io e te - Adagio veneziano</subfield>
  </datafield>
  <datafield tag="650" ind1=" " ind2=" ">
    <subfield code="a">CANZONE ITALIAN [DISCHI]</subfield>
    <subfield code="e">Codice MATERIA SPICS: 9950</subfield>
    <subfield code="9">12966</subfield>
  </datafield>
  <datafield tag="700" ind1=" " ind2=" ">
    <subfield code="a">Ranieri Massimo</subfield>
    <subfield code="g">Codice iterprete SPICS: 11108</subfield>
    <subfield code="e">Interprete</subfield>
    <subfield code="9">12967</subfield>
  </datafield>
  <datafield tag="700" ind1=" " ind2=" ">
    <subfield code="a">Polito</subfield>
    <subfield code="g">Codice autore musica SPICS: 13987</subfield>
    <subfield code="e">Autore musica</subfield>
    <subfield code="p">Se bruciasse la citt&#xE0; - Rita - Per una donna - L'amore &#xE8; un attimo - Erba di casa mia - Vent'anni - Rose rosse</subfield>
    <subfield code="9">12968</subfield>
  </datafield>
  <datafield tag="700" ind1=" " ind2=" ">
    <subfield code="a">Bigazzi Giancarlo</subfield>
    <subfield code="g">Codice autore SPICS: 13839</subfield>
    <subfield code="e">Autore</subfield>
    <subfield code="p">Se bruciasse la citt&#xE0; - Rita - Per una donna - L'amore &#xE8; un attimo - Erba di casa mia - Vent'anni - Aranjuez - Rose rosse - Adagio veneziano</subfield>
    <subfield code="9">12969</subfield>
  </datafield>
  <datafield tag="700" ind1=" " ind2=" ">
    <subfield code="a">Savio G.</subfield>
    <subfield code="g">Codice autore testo/musica SPICS: 14082</subfield>
    <subfield code="e">Autore testo/musica</subfield>
    <subfield code="p">Se bruciasse la citt&#xE0; - Rita - Per una donna - L'amore &#xE8; un attimo - Erba di casa mia - Vent'anni</subfield>
    <subfield code="9">12970</subfield>
  </datafield>
  <datafield tag="700" ind1=" " ind2=" ">
    <subfield code="a">Capurro Giovanni</subfield>
    <subfield code="g">Codice autore musica SPICS: 13137</subfield>
    <subfield code="e">Autore musica</subfield>
    <subfield code="p">'O sole mio</subfield>
    <subfield code="9">12971</subfield>
  </datafield>
  <datafield tag="700" ind1=" " ind2=" ">
    <subfield code="a">Di Capua Edoardo</subfield>
    <subfield code="g">Codice autore testo/musica SPICS: 13138</subfield>
    <subfield code="e">Autore testo/musica</subfield>
    <subfield code="p">'O sole mio</subfield>
    <subfield code="9">12972</subfield>
  </datafield>
  <datafield tag="700" ind1=" " ind2=" ">
    <subfield code="a">Califano Aniello</subfield>
    <subfield code="g">Codice autore musica SPICS: 13470</subfield>
    <subfield code="e">Autore musica</subfield>
    <subfield code="p">'O surdato 'nnammurato</subfield>
    <subfield code="9">12973</subfield>
  </datafield>
  <datafield tag="700" ind1=" " ind2=" ">
    <subfield code="a">Cannio Enrico</subfield>
    <subfield code="g">Codice autore testo/musica SPICS: 13705</subfield>
    <subfield code="e">Autore testo/musica</subfield>
    <subfield code="p">'O surdato 'nnammurato</subfield>
    <subfield code="9">12974</subfield>
  </datafield>
  <datafield tag="700" ind1=" " ind2=" ">
    <subfield code="a">Lama Gaetano</subfield>
    <subfield code="g">Codice autore SPICS: 13468</subfield>
    <subfield code="e">Autore</subfield>
    <subfield code="p">Aranjuez</subfield>
    <subfield code="9">12975</subfield>
  </datafield>
  <datafield tag="700" ind1=" " ind2=" ">
    <subfield code="a">Rodrigo Joaquin</subfield>
    <subfield code="g">Codice autore testo/musica SPICS: 8167</subfield>
    <subfield code="e">Autore testo/musica</subfield>
    <subfield code="p">Aranjuez</subfield>
    <subfield code="9">12976</subfield>
  </datafield>
  <datafield tag="700" ind1=" " ind2=" ">
    <subfield code="a">Pace Daniele</subfield>
    <subfield code="g">Codice autore musica SPICS: 13856</subfield>
    <subfield code="e">Autore musica</subfield>
    <subfield code="p">Io e te</subfield>
    <subfield code="9">4721</subfield>
  </datafield>
  <datafield tag="700" ind1=" " ind2=" ">
    <subfield code="a">Morricone Ennio</subfield>
    <subfield code="g">Codice autore testo/musica SPICS: 3535</subfield>
    <subfield code="e">Autore testo/musica</subfield>
    <subfield code="p">Io e te</subfield>
    <subfield code="9">4722</subfield>
  </datafield>
  <datafield tag="700" ind1=" " ind2=" ">
    <subfield code="a">Marcello Benedetto</subfield>
    <subfield code="g">Codice autore testo/musica SPICS: 8256</subfield>
    <subfield code="e">Autore testo/musica</subfield>
    <subfield code="p">Adagio veneziano</subfield>
    <subfield code="9">12977</subfield>
  </datafield>
  <datafield tag="942" ind1=" " ind2=" ">
    <subfield code="c">MD</subfield>
    <subfield code="2">ddc</subfield>
  </datafield>
  <datafield tag="952" ind1=" " ind2=" ">
    <subfield code="0">0</subfield>
    <subfield code="1">0</subfield>
    <subfield code="4">0</subfield>
    <subfield code="6">25645_000000000000000</subfield>
    <subfield code="7">1</subfield>
    <subfield code="a">SPICS</subfield>
    <subfield code="b">SPICS</subfield>
    <subfield code="d">2013-10-25</subfield>
    <subfield code="l">0</subfield>
    <subfield code="o">25645</subfield>
    <subfield code="r">2013-10-25 00:00:00</subfield>
    <subfield code="w">2013-10-25</subfield>
    <subfield code="y">MD</subfield>
    <subfield code="z">Progr. Ins.: 5519 / N.Vol.: 1 / Copie: 1 - Copia rara: n.d. / date import: 01.01.2014 - By Epidotti, Trombetti, Vaglietti</subfield>
  </datafield>
</record>
